Zhodnotenie finančno-ekonomickej pozície vybraného podniku na trhu diplomová práca

Uložené v:
Podrobná bibliografia
Hlavný autor: Barkovský, Ľudovít
Korporativný autor: Podnikovohospodárska fakulta EU so sídlom v Košiciach. Katedra finančného riadenia podniku
Ďalší autori: Kršeková, Marianna
Médium: Kniha
Jazyk:Slovak
Vydavateľské údaje: Košice 2017
Tagy: Pridať tag
Žiadne tagy, Buďte prvý, kto otaguje tento záznam!

MARC

LEADER 00000nbm a2200000 4500
001 0247206
005 20181019135542.7
041 0 |a slo 
044 |a SK 
245 1 0 |a Zhodnotenie finančno-ekonomickej pozície vybraného podniku na trhu  |b diplomová práca  |c Ľudovít Barkovský ; školiteľ: Marianna Kršeková 
264 1 |a Košice  |c 2017 
300 |a 65 s. 
100 1 |a Barkovský, Ľudovít 
700 1 |a Kršeková, Marianna 
710 2 |a Podnikovohospodárska fakulta EU so sídlom v Košiciach. Katedra finančného riadenia podniku